000 01273nam a2200289 a 4500
001 000044691
003 DO-SdBNP
005 20230221101016.0
007 ta
008 141216s2014 dr a 000 0 spa d
040 _aDO-SdBNP
_bspa
_cBNPHU
082 4 _a021.7
_bF356d, 2014
_222
111 2 _aFeria Internacional del Libro
_n(17ª :
_d2014 : 24 de abril al 5 de mayo
_cSanto Domingo, República Dominicana)
_972688
245 1 0 _aXVII Feria Internacional del Libro Santo Domingo 2014 :
_bPrograma.
246 1 3 _aDecimoseptima Feria Internacional del Libro Santo Domingo
260 _aSanto Domingo :
_bMinisterio de Cultura
_bEdiciones Ferilibro,
_c2014.
300 _a248 p. :
_bil. ;
_c22 cm.
500 _aPaís invitado de honor: Panamá, dedicada al poeta nacional Domingo Moreno Jimenes
500 _aLeer es primero
590 _aInventariado,2019/VM
611 2 4 _aFeria internacional del libro
_n(17ª :
_d2014 :
_cSanto Domingo, Republica Dominicana)
_xProgramas
_972689
650 4 _aIndustria del libro
_zRepública Dominicana
_xProgramas
_955292
650 4 _aFeria del libro
_zRepública Dominicana
_y2014
_xProgramas
_972690
650 4 _aLibros
_xExposiciones
_zRepública Dominicana
_933375
910 _aValidado. Control de calidad. EMS
942 _2ddc
_cLBS1
999 _c44180
_d44180